| 000 -LEADER |
| fixed length control field |
01949cam a22004337i 4500 |
| 001 - CONTROL NUMBER |
| control field |
18188841 |
| 003 - CONTROL NUMBER IDENTIFIER |
| control field |
NUST |
| 005 - DATE AND TIME OF LATEST TRANSACTION |
| control field |
20211111101436.0 |
| 008 - FIXED-LENGTH DATA ELEMENTS--GENERAL INFORMATION |
| fixed length control field |
140616t20142014ne a b 001 0 eng d |
| 010 ## - LIBRARY OF CONGRESS CONTROL NUMBER |
| LC control number |
2014397914 |
| 015 ## - NATIONAL BIBLIOGRAPHY NUMBER |
| National bibliography number |
GBB358817 |
| Source |
bnb |
| 016 7# - NATIONAL BIBLIOGRAPHIC AGENCY CONTROL NUMBER |
| Record control number |
016448209 |
| Source |
Uk |
| 020 ## - INTERNATIONAL STANDARD BOOK NUMBER |
| International Standard Book Number |
9789251071914 |
| 035 ## - SYSTEM CONTROL NUMBER |
| System control number |
(OCoLC)ocn852806044 |
| 038 ## - RECORD CONTENT LICENSOR |
| Staff Name |
khadija |
| 040 ## - CATALOGING SOURCE |
| Original cataloging agency |
UKMGB |
| Language of cataloging |
eng |
| Transcribing agency |
UKMGB |
| Description conventions |
rda |
| Modifying agency |
OCLCO |
| -- |
YDXCP |
| -- |
XII |
| -- |
IXA |
| -- |
QCL |
| -- |
CUD |
| -- |
DLC |
| 042 ## - AUTHENTICATION CODE |
| Authentication code |
lccopycat |
| 050 00 - LIBRARY OF CONGRESS CALL NUMBER |
| Classification number |
TL1050 |
| Item number |
.C87 2014 |
| 082 04 - DEWEY DECIMAL CLASSIFICATION NUMBER |
| Classification number |
629.4113 |
| Edition number |
23 |
| Author Mark |
CUR |
| 100 1# - MAIN ENTRY--PERSONAL NAME |
| Personal name |
Curtis, Howard D., |
| Relator term |
author. |
| 9 (RLIN) |
19173 |
| 245 10 - TITLE STATEMENT |
| Title |
Orbital Mechanics for Engineering Students / |
| Statement of responsibility, etc. |
Howard D. Curtis, Professor of Aerospace Engineering, Embry-Riddle Aeronautical University, Daytona Beach, Florida. |
| 250 ## - EDITION STATEMENT |
| Edition statement |
3rd ed. |
| 264 #1 - PRODUCTION, PUBLICATION, DISTRIBUTION, MANUFACTURE, AND COPYRIGHT NOTICE |
| Place of production, publication, distribution, manufacture |
Amsterdam ; |
| -- |
Boston : |
| Name of producer, publisher, distributor, manufacturer |
Elsevier, BH, Butterworth-Heinemann is an imprint of Elsevier, |
| Date of production, publication, distribution, manufacture, or copyright notice |
[2017] |
| 264 #4 - PRODUCTION, PUBLICATION, DISTRIBUTION, MANUFACTURE, AND COPYRIGHT NOTICE |
| Date of production, publication, distribution, manufacture, or copyright notice |
©2017 |
| 300 ## - PHYSICAL DESCRIPTION |
| Extent |
xiii, 751 pages : |
| Other physical details |
illustrations ; |
| Dimensions |
25 cm. |
| 336 ## - CONTENT TYPE |
| Content type term |
text |
| Content type code |
txt |
| Source |
rdacontent |
| 337 ## - MEDIA TYPE |
| Media type term |
unmediated |
| Media type code |
n |
| Source |
rdamedia |
| 338 ## - CARRIER TYPE |
| Carrier type term |
volume |
| Carrier type code |
nc |
| Source |
rdacarrier |
| 490 1# - SERIES STATEMENT |
| Series statement |
Elsevier aerospace engineering series |
| 500 ## - GENERAL NOTE |
| General note |
Previous edition: 2010. |
| 504 ## - BIBLIOGRAPHY, ETC. NOTE |
| Bibliography, etc. note |
Includes bibliographical references (pages 739-740) and index. |
| 505 0# - FORMATTED CONTENTS NOTE |
| Formatted contents note |
Dynamics of point masses -- The two-body problem -- Orbital position as a function of time -- Orbits in three dimensions -- Preliminary orbit determination -- Orbital maneuvers -- Relative motion and rendezvous -- Interplanetary trajectories -- Rigid body dynamics -- Satellite attitude dynamics -- Rocket vehicle dynamics -- Introduction to orbital perturbations. |
| 563 ## - BINDING INFORMATION |
| Binding note |
PB |
| 650 #0 - SUBJECT ADDED ENTRY--TOPICAL TERM |
| Topical term or geographic name entry element |
Orbital mechanics. |
| 9 (RLIN) |
19174 |
| 830 #0 - SERIES ADDED ENTRY--UNIFORM TITLE |
| Uniform title |
Elsevier aerospace engineering series. |
| 9 (RLIN) |
2466 |
| 906 ## - LOCAL DATA ELEMENT F, LDF (RLIN) |
| a |
7 |
| b |
cbc |
| c |
copycat |
| d |
2 |
| e |
ncip |
| f |
20 |
| g |
y-gencatlg |
| 942 ## - ADDED ENTRY ELEMENTS (KOHA) |
| Source of classification or shelving scheme |
|
| Koha item type |
Book |